000 00462nam a22001457a 4500
008 160609b xxu||||| |||| 00| 0 eng d
020 _a9780199560301
050 _aHD 30.28.H47 2008
100 _aHenry, Antony
245 _aUnderstanding strategic management/
_cAnthony Henry.-
250 _aindian edition:
260 _aNew York;
_bOxford,
_c2008
300 _axxv,441p.: ill.
_bincludes index
942 _2lcc
_cBOOKS
_hHD 30.28.H47 2008
_02
999 _c11179
_d11179